Metin Eloğlu Edip Cansever : inceleme antoloji (Record no. 1617)

000 -LEADER
fixed length control field 00552nam a22001817a 4500
008 - FIXED-LENGTH DATA ELEMENTS--GENERAL INFORMATION
fixed length control field 171102b xxu||||| |||| 00| p tur d
020 ## - INTERNATIONAL STANDARD BOOK NUMBER
International Standard Book Number 9789756106648
041 ## - LANGUAGE CODE
Language code of text/sound track or separate title Türkçe
050 ## - LIBRARY OF CONGRESS CALL NUMBER
Classification number PL248.E464
100 ## - MAIN ENTRY--PERSONAL NAME
Personal name Bezirci, Asım
9 (RLIN) 607
245 ## - TITLE STATEMENT
Title Metin Eloğlu Edip Cansever : inceleme antoloji
250 ## - EDITION STATEMENT
Edition statement 1.Basım
260 ## - PUBLICATION, DISTRIBUTION, ETC.
Place of publication, distribution, etc. İstanbul
Name of publisher, distributor, etc. Evrensel Basım Yayın
Date of publication, distribution, etc. Eylül 2007
300 ## - PHYSICAL DESCRIPTION
Extent 167 Sayfa
500 ## - GENERAL NOTE
General note Evrensel Basım Yayın : 335

Birinci Basım : 1971 (Güney Yayınları)
650 #0 - SUBJECT ADDED ENTRY--TOPICAL TERM
9 (RLIN) 145
Topical term or geographic name entry element Türk Edebiyatı
942 ## - ADDED ENTRY ELEMENTS (KOHA)
Source of classification or shelving scheme
Koha item type Books
Holdings
Withdrawn status Lost status Source of classification or shelving scheme Damaged status Not for loan Permanent Location Current Location Shelving location Date acquired Full call number Barcode Date last seen Price effective from Koha item type
        Ödünç verilemez İmren Ahmet Tüzün Kütüphanesi İmren Ahmet Tüzün Kütüphanesi Ahmet Tüzün 2017-11-02 PL248.E464 100100001593 2017-11-02 2017-11-02 Books

This software was implemented, installed and managed by Devinim Software Training Consulting .